[Event "Paris FIDE GP"]
[Site "Elancourt"]
[Date "2013.09.24"]
[Round "3"]
[White "Nakamura, Hikaru"]
[Black "Bacrot, Etienne"]
[Result "1-0"]
[WhiteElo "2772"]
[BlackElo "2723"]
[Annotator "Gormally,Daniel"]
[PlyCount "69"]
[EventDate "2013.09.22"]
[EventType "tourn"]
[EventRounds "11"]
[EventCountry "FRA"]
[EventCategory "20"]
[SourceTitle "CBM 157"]
[Source "ChessBase"]
[SourceDate "2013.11.12"]
[SourceVersion "1"]
[SourceVersionDate "2013.11.12"]
[SourceQuality "1"]

1. d4 {Roiz,Michael} d5 2. c4 e6 3. Nc3 Be7 4. cxd5 exd5 5. Bf4 c6 6. e3 Bf5 7. g4 {Naka likes this line which has some similarities with the ultra-sharp advance variation of the Caro-Kann. White elects to gain space on the kingside while also pushing around the bishop on f5, which has to lose time. It is not difficult to surmise that Nakamura's adoption of this line has something to do with the admittedly rather short time he spent working with Kasparov, who played this as early ago as 1985.} Be6 8. h4 Nd7 9. Bg3 {An interesting idea, which had only been played in one game before. But of course it looks very logical. Now not only does White defend the pawn on h4, but he introduces a possible idea of h3-f4, (admittedly this cannot be played immediately, as the h4-pawn would be enprise) putting further pressure on the Black position.} (9. h5 {is perhaps the main line. White grabs some useful space, cramping the black kingside.} Nh6 10. Be2 Nb6 11. Nh3 ({Kasparov had already tried} 11. Rc1 {many years ago, in his 1985 match with Karpov. That game ended in a draw}) 11... g5 $5 12. hxg6 hxg6 13. Bg3 Qd7 14. Nf4 O-O-O 15. Nxe6 Qxe6 16. Rg1 Bd6 17. Qc2 Bxg3 18. Rxg3 f5 {Chances were roughly balanced in the game Nakamura,H (2753)-Aronian,L (2807) Sao Paulo Bilbao 2011.}) (9. g5 $5 {is another option, again grabbing some useful space. White now has the possibility of playing h3 and exchanging off this useful defensive piece on e6.} h6 10. g6 Ngf6 ({RR} 10... fxg6 11. Bd3 Bf7 12. Qc2 g5 13. hxg5 Bxg5 14. Bg3 Ne7 15. Nf3 Bf6 16. O-O-O) 11. gxf7+ Bxf7 12. Bd3 Ne4 ({RR} 12... Ne4 13. Bxe4 dxe4 14. Nge2 O-O 15. Qc2 Nf6 16. Rg1 Kh8 17. Be5) ({RR} 12... O-O 13. Qf3 Qb6 ({RR} 13... Nh5 14. Nge2 Nxf4 15. Nxf4 Bd6 16. Nce2) 14. O-O-O c5 15. Nge2 Rac8 16. Rhg1) 13. Bxe4 dxe4 14. Nge2 O-O 15. Qc2 Nf6 16. Rg1 Kh8 17. Be5 Qa5 18. Nf4 $40 {and with the open g-file, and strong bishop on e5, White had good attacking chances in the game Nepomniachtchi,I (2717)-Ponomariov,R (2756) Riga 2013.}) ({RR} 9. g5 h6 10. g6 Ngf6 11. gxf7+ Bxf7 12. Bd3 Nh5 13. Bh2 ({RR} 13. Be5 O-O 14. Qg4 Nhf6 15. Qg3 Nh5 16. Qg4 Nhf6 17. Qg3 Nh5) 13... O-O 14. Qg4 ({RR} 14. Nf3) 14... Ndf6 15. Qg2 Be6) 9... Ngf6 ({The solid} 9... Nb6 {can also be played.} 10. f3 Bd6 $1 {A useful exchange, as the bishop on g3 is a very potent weapon for White should Black ever think of castling queenside.} ({RR} 10... h5 11. g5 Bd6 12. Bxd6 Qxd6) 11. Bxd6 Qxd6 12. Qc2 Ne7 ({RR} 12... Ne7 13. Bd3 O-O-O 14. Nge2 Kb8 15. Nf4 Bd7 16. O-O-O Rhe8 17. Qh2) 13. Bd3 h5 14. g5 O-O-O ({RR} 14... O-O-O 15. Nge2 Kb8 16. Kf2 ({RR} 16. O-O-O Nc4 17. Bxc4 dxc4 18. Nf4) 16... g6 17. a4 a5 18. Ng3 Rdf8 19. Qd2 f6) 15. Nge2 Kb8 16. Kf2 $5 {This looks risky but the king is quite safe here for the moment. White wants to retain the possibility of attacking on the queenside with his pawns, which would be an unlikely plan if he castled on that side. Chances were again about equal in the game Nakamura,H (2758)-Aronian,L (2802) Moscow 2011.}) ({RR} 9... Nb6 10. f3 Bd6 11. Bxd6 Qxd6 12. Qc2 h5 13. g5 Ne7 14. Bd3 O-O 15. Nge2 Rac8 ({RR} 15... Rae8 16. Kf2 g6 17. Rad1 Qd7 18. Ng3 Nbc8 19. Nce2 Nd6 20. Nf4 Ndf5) 16. Rd1 ({RR} 16. O-O-O c5 17. dxc5 Rxc5 18. Kb1 Rfc8 19. Nd4 Nc4) 16... g6 17. Kf2 a6 18. b4 ({RR} 18. Qd2 c5 19. dxc5 Rxc5 20. Nf4 Rfc8 21. Nce2 Bf5 22. b3 Bxd3 23. Qxd3 Nd7) ({RR} 18. Nf4 Bf5 19. Nce2 c5 20. dxc5 Rxc5 21. Qd2 Bxd3 22. Nxd3 Rc7) 18... Bf5 ({RR} 18... Rfe8 19. a4 Nd7 20. Qb2) 19. Bxf5 ({RR} 19. e4 dxe4 20. Nxe4 ({RR} 20. fxe4 Bg4 21. Rdf1 Nd7 22. Qd2 Rcd8) 20... Qc7 21. N2g3 Bxe4 ({RR} 21... Be6 22. Nf6+ Kh8 23. Rhe1) 22. fxe4 Qd6 23. Ne2 f5 24. gxf6 Rxf6+ 25. Ke1 Qxb4+ 26. Qd2) 19... Nxf5 20. e4 Ng7 21. Qb3 ({RR} 21. e5 Qxb4 22. Rb1 Qa5 23. Qb3 Nc4 24. Qxb7 Nf5) 21... Nc4 22. e5 Qe6 ({RR} 22... Qd7) 23. Nf4 ({RR} 23. Na4 b6 24. Nb2 b5 25. Nd3 a5) 23... Qe7 ({RR} 23... Qf5 24. Nd3 a5 25. b5 a4 26. Qb4 Ne6 27. Ne2 c5) 24. Ne4 {Nakamura,H (2764)-Caruana,F (2844) Baku 2014 CBM 163 [Roiz,Michael] ½-½ (50)}) ({RR} 9... Nh6 10. f3 f5 11. g5 Nf7 12. Bd3 Nd6 13. Nge2 O-O 14. Qc2 Nb6 15. O-O Kh8 16. Nf4 Bd7 17. Rae1 a5 18. a4 Rc8 19. b3 c5 20. Ncxd5 Nxd5 21. Nxd5 Be6 22. Nxe7 Qxe7 23. dxc5 Nf7 24. Rc1 {Suleymenov,A (2423)-Solozhenkina,E (2271) Cheliabinsk 2021 1-0 (34)}) 10. f3 $1 {If you didn't know anything about this opening you'd assume it was a beginner playing White, as he has only developed two pieces, while pushing many of his pawns. But these pawns control some useful squares, limiting Black's ability to undertake active measures.} Nb6 11. Bd3 $146 ({RR} 11. Qc2 Nc4 12. Bxc4 dxc4 13. Nge2 Nd5 14. Nxd5 cxd5 15. h5 O-O 16. O-O-O b5 17. Rdg1 b4 18. g5 Bxg5 19. Bf4 f6 20. Qa4 a5 21. Qc6 Bf5 22. Ng3 Bd3 23. Qe6+ Rf7 24. Nf5 Bxf5 25. Qxf5 h6 {Leaver,K (2059)-Kethro,M (2075) Adelaide 2019 0-1 (43)}) 11... Nc4 ({It may have been more sensible to fall back on the plan that Aronian adopted, with} 11... Bd6 {my guess is then Naka would have gone for something like} 12. Bxd6 (12. Bf2 $5 {retaining as many pieces as possible is certainly not out of the question, although it looks a little passive}) 12... Qxd6 13. Nge2 {followed by c2, and then f2 like in the Aronian game, which no doubt Naka had already studied very closely. Of course White could also simply castle queenside, as with his kingside pawns already so advanced, he would have good chances of developing an intiative on that side of the board.}) 12. Qe2 (12. Bxc4 {would rather play into White's hands.} dxc4 13. e4 b5 14. Nge2 b4 15. Na4 Qa5 $36 {with excellent play for Black.}) 12... c5 $2 {Given that White has taken liberties with his development, this might seem quite logical. Try to open up the position while the opponent is still slumbering, right? Unfortunately for Bacrot, it fails for tactical reasons. Tactical reasons, which to be completely frank, at this level, shouldn't have been particularly difficult to foresee.} (12... Bd6 {would have avoided any immediate disaster, but I feel that White is better here as well.} 13. Bxd6 Qxd6 (13... Nxd6 {looks awkward, as it will surely run into an e4-break at some point}) 14. O-O-O (14. Bxc4 dxc4 15. O-O-O h5 16. g5 Nd5 17. Ne4 Qe7 {seems to give Black good chances, as ...f5 is threatened}) 14... O-O-O 15. Bxc4 dxc4 16. e4 {gives White something of an edge, as he intends simple development with e3, ge2 etc. (as well as threatening the immediate e5)}) ({RR} 12... Qb6 13. O-O-O Bb4 14. Be1) 13. Bxc4 dxc4 14. d5 $1 {As usual, Naka is right on the money. Tactically he's sound as a pound.} Nxd5 (14... Bxd5 {also leads to d-file disaster after} 15. O-O-O {as Black can do little to save his piece, against the many threats of e4, g5 and e5.}) 15. O-O-O $1 Qa5 (15... Qd7 16. Nxd5 Bxd5 17. e4 $18) 16. Nxd5 (16. Rxd5 Bxd5 17. Nxd5 {also looks very good for White, but Nakamura sees no reason not to grab as much booty as possible, confident in his ability to steer his way through the complications.} Qxa2 (17... Bd8 18. Qxc4 $18) 18. Qc2 $5 $16 (18. Nc7+ Kd7 19. Nxa8 (19. Qd1+ Kc6 20. Qd5+ Kb6 21. Nxa8+ Rxa8 {and not only is no knock-out blow evident, but White may be in some trouble as ...d8 is threatened}) 19... Rxa8 (19... c3 $2 20. Qb5+ Kc8 21. bxc3 $18) 20. Qc2 {and with e2 coming, I struggle to see Black getting enough action for his piece, for example} Bf6 21. Ne2 Qa1+ 22. Qb1 Bxb2+ 23. Kc2 Qxb1+ 24. Rxb1 c3 25. Nxc3 $18) 18... Rd8 19. e4 $16) 16... Bxd5 17. Rxd5 Qxa2 18. Qc2 $1 c3 (18... Bf6 19. Be5 $18) 19. b3 $1 {This comes as a blunt riposte to any attempts by Black to cause trouble. Although the pawn on c3 remains embedded in the position, with only a queen and a bishop currently in play, there is unlikely to be any serious problems for White to solve.} Qa1+ 20. Qb1 Qa6 (20... Qa3+ 21. Kc2 c4 22. bxc4 Qa4+ 23. Qb3 $18) 21. Rh2 $141 $1 {Covering the g2-square takes any sting out of the threat of ...f1.} O-O ({Black could also try the rather desperate lunge} 21... c4 {trying to open up the position even further, but White should keep control after} 22. Ra2 Qc6 23. bxc4 O-O 24. Qd3 $18) 22. Ra2 Qb5 (22... Qc6 23. Qe4 {and Black is also struggling to prove anything.}) 23. Ne2 Rfd8 24. Rxd8+ Rxd8 25. Be1 {White is just up an extra piece. Players of the calibre of Nakamura very rarely fail to take advantage of such situations.} c4 26. Nxc3 Qb6 (26... Qc6 27. Qe4 $18) 27. Qe4 cxb3 28. Rd2 Rxd2 29. Bxd2 Bf8 30. Qd5 $18 Qb4 31. Qb5 Qa3+ 32. Kb1 a6 33. Qxb7 Qd6 34. Qd5 Qh2 35. h5 1-0

[Event "EU-chT (Men) 19th"]
[Site "Warsaw"]
[Date "2013.11.09"]
[Round "2.2"]
[White "Laznicka, Viktor"]
[Black "Brunello, Sabino"]
[Result "1-0"]
[WhiteElo "2677"]
[BlackElo "2615"]
[Annotator "Laznicka,Viktor"]
[PlyCount "87"]
[EventDate "2013.11.08"]
[EventType "team-swiss"]
[EventRounds "9"]
[EventCountry "POL"]
[SourceTitle "CBM 158"]
[Source "ChessBase"]
[SourceDate "2014.01.16"]
[SourceVersion "1"]
[SourceVersionDate "2014.01.16"]
[SourceQuality "1"]
[WhiteTeam "Czech Republic"]
[BlackTeam "Italy"]
[WhiteTeamCountry "CZE"]
[BlackTeamCountry "ITA"]

1. d4 d5 2. c4 c6 3. Nf3 Nf6 4. Nc3 dxc4 5. a4 e6 6. e4 Bb4 7. e5 Nd5 8. Bd2 b5 9. axb5 Bxc3 10. bxc3 cxb5 11. Ng5 Bb7 {Black has more possibilities as to how to develop his pieces. Earlier, Black tried to put the knight immediatelyon c6, unfortunately bad results followed. Now he tries a more flexible piece arrangement.} ({RR} 11... Nc6 12. Qh5 Qe7 13. Be2 b4 14. O-O bxc3 15. Be3 Bb7 16. Bg4 Ncb4 17. Nxe6 g6 18. Ng7+ Kf8 19. Qh6 Kg8 20. Bg5 Qf8 21. Bf6 Nxf6 22. exf6 Nd5 23. Bf3 Nxf6 24. Bxb7 Rd8 25. Ra6 Qxg7 26. Qg5 {Anand,V (2780)-Karjakin,S (2778) Sao Paulo/Bilbao 2012 ½-½ (45)}) 12. Qh5 ({RR} 12. h4 Qe7 13. Rh3 Nd7 14. Rg3 f5 15. exf6 N7xf6 16. Qe2 O-O 17. Qxe6+ Qxe6+ 18. Nxe6 Rf7 19. Nc5 Re8+ 20. Kd1 Bc8 21. Be2 Rfe7 22. Bf3 b4 23. cxb4 c3 24. Bxd5+ Nxd5 25. Rxc3 Nxc3+ 26. Bxc3 Re2 {Brunner,N (2427)-Laurusas,T (2573) Vrnjacka Banja SRB 2024 0-1 (41)}) ({RR} 12. h4 Nd7 13. Rh3 N5b6 14. Qb1 h6 15. Ne4 Bxe4 16. Qxe4 Nd5 17. Rg3 Kf8 18. h5 f5 19. exf6 N7xf6 20. Qxe6 Qe8 21. Qxe8+ Rxe8+ 22. Kd1 Re7 23. Ra5 Rb7 24. Rf3 Ke7 25. Rf5 Rd8 26. Kc2 Rd6 {Brunner,N (2459)-Laznicka,V (2672) Chartres 2017 ½-½}) 12... Qe7 13. h4 $5 {This move is usually played with the knight on c6, here it is also possible, however there are some shortcomings.} (13. Be2 $13 {This move is preferred both by strong players and also by computers.}) 13... Nd7 14. Rb1 $146 {Lures the bishop to c6, in order to take the pawn on b5 after the above mentioned opertaion.} (14. Rh3 h6 {threatens g6, here we could see inconsistency of the advance h4} 15. Ne4 Nf4 {And this is the expected defect, Black gets rid of another attacking piece and would end up with a clear edge.}) ({RR} 14. Rh3 h6 15. Ne4 Nf4 16. Qg4 Bxe4 17. Bxf4 f5 18. exf6 Nxf6 19. Qd1 O-O 20. Be5 Rf7 21. Re3 Raf8 22. f4 Bf5 23. Bxf6 Qxf6 24. g3 g5 25. hxg5 hxg5 26. Kd2 b4 27. Bxc4 Rc8 28. Qb3 bxc3+ {Stocek,J (2531)-Postny,E (2662) Gjakova 2016 1-0 (47)}) ({RR} 14. Rh3 h6 15. Ne4 Nf4 16. Qg4 Bxe4 17. Qxf4 f5 18. exf6 Nxf6 19. g4 Bd5 20. g5 Ne4 21. Re3 Rf8 22. Qg4 Nxf2 23. Qh5+ Qf7 24. Qxf7+ Rxf7 25. gxh6 gxh6 26. Rg3 O-O-O 27. Bxh6 Ne4 28. Rg7 Rxg7 {Maslik,M (2333)-Varga,Z (2460) Slovakia 2015 0-1 (39)}) 14... Bc6 15. Rh3 {A logical move, it is necessary to bring other forces.} g6 $6 (15... Nc7 {This paradoxical move should had been played, Black keeps under control the b5-pawn and the crucial e4-square. Black would be better... not only according to the computer.}) 16. Qe2 (16. Qh6 Qf8 17. Qxf8+ Kxf8 18. Rf3 f6 19. exf6 N7xf6 20. Nxe6+ Kf7 21. Ng5+ Kg8 {would be better for Black due to the strong post on d5.}) 16... f6 $6 (16... f5 {should have been played, it makes White take on f6, instead of this he could play another move in the game.}) 17. Ne4 (17. exf6 N7xf6 18. Nf3 (18. Nxe6 Bd7 $17) 18... Nd7 {White still has compensation for the pawn, but it is not easy to develop an initiative.}) 17... fxe5 (17... O-O 18. h5 gxh5 19. Bh6 fxe5 20. Rg3+ Kh8 21. Bg7+ Qxg7 22. Rxg7 Kxg7 23. Qxh5 exd4 24. cxd4 $13 {would also come into consideration.}) 18. Bg5 Nf4 $2 (18... Qa3 19. Qg4 Ne7 20. dxe5 h5 21. Qf3 Bxe4 22. Qxe4 Rb8 {would be the lesser evil.}) 19. Qf3 Qf8 20. dxe5 Nxh3 (20... Nd3+ 21. Bxd3 Qxf3 22. Rxf3 Nxe5 23. Nf6+ Kf7 24. Be4 Bxe4 25. Nxe4+ Nxf3+ 26. gxf3 h6 27. Bf6 Rhb8 28. Be5 Rb6 29. Ke2 {is, due to the weak king, much better for White.}) 21. Qxh3 {Now the splendid cooperation of the white pieces is decisive.} Qg8 (21... Kf7 22. Nd6+ Kg7 23. Qxe6 $16) 22. Nd6+ Kf8 23. Bh6+ Ke7 24. Bg5+ Kf8 25. Bh6+ Ke7 26. Qe3 {It is only a matter of time when White catches his prey.} Nb6 27. Qc5 Kd7 28. Nxb5 (28. Nxc4 {would win on the spot.}) 28... Qb8 $1 29. Bxc4 Nxc4 (29... Bd5 30. Nd6 $18) 30. Rd1+ Bd5 31. Rxd5+ exd5 32. Qxd5+ (32. e6+ {I had seen this move, unfortunately I did not play it. Why? I do not know.} Kxe6 33. Nd4+ Kf6 34. Bg5+ Kf7 35. Qe7+ Kg8 36. Qe6+ Kg7 37. Nf5+ gxf5 38. Bh6#) 32... Ke7 33. Bg5+ Kf8 34. Bh6+ Ke7 35. Bg5+ Kf8 36. Qc5+ Nd6 37. Nxd6 Qb1+ {A couple of checks can not save the day.} 38. Ke2 Qa2+ 39. Ke3 Qe6 40. Bf6 Rg8 41. Nf5+ Ke8 42. Nd4 Qd7 43. e6 Qb7 44. Nb5 {And there is a pawn mate after all. d6+, e7.} 1-0

[Event "WchT 9th"]
[Site "Antalya"]
[Date "2013.11.27"]
[Round "2.4"]
[White "Vitiugov, Nikita"]
[Black "Robson, Ray"]
[Result "0-1"]
[WhiteElo "2741"]
[BlackElo "2613"]
[Annotator "Mikhalchishin,Adrian"]
[PlyCount "56"]
[EventDate "2013.11.26"]
[EventType "team-tourn"]
[EventRounds "9"]
[EventCountry "TUR"]
[SourceTitle "CBM 158"]
[Source "ChessBase"]
[SourceDate "2014.01.16"]
[SourceVersion "1"]
[SourceVersionDate "2014.01.16"]
[SourceQuality "1"]
[WhiteTeam "Russia"]
[BlackTeam "US of America"]
[WhiteTeamCountry "RUS"]
[BlackTeamCountry "USA"]

1. d4 d5 2. c4 e6 3. Nc3 c6 4. e4 dxe4 5. Nxe4 Bb4+ 6. Bd2 ({Carlsen decided not to enter sharp forced lines in which Anand is known to be strong and played} 6. Nc3) 6... Qxd4 7. Bxb4 Qxe4+ 8. Ne2 $5 Na6 9. Bf8 Ne7 10. Bxg7 Nb4 11. Qd6 Nc2+ 12. Kd2 Nxa1 13. Bxh8 {This crazy position was used by the big specialist of this line Slovenian GM Dusko Pavasovic.} Qc2+ 14. Ke1 e5 ({Here Black has tested} 14... Qxc4 $6 15. Nc3 Qb4 {(Christiansen-Robson, USA Ch 2009)} {but White would get a clear advantage after} 16. Qd1 $1 Qxb2 17. Bd3) 15. f3 (15. Bxe5 $2 {was wrong:} Be6 16. f3 Rd8 17. Qc7 Qd2+ 18. Kf2 Nc2 $19 {T.Kononenko-Korneev, Seville 2007.}) 15... Be6 $1 ({The only way as other continuations were proved to be wrong:} 15... Qxb2 $6 {(Kharlov-Arzumanian, Tula 2002).}) ({Or} 15... Qb1+ $2 16. Kf2 Nc2 $2 17. Bf6 $18 {Wojtaszek-K.Szabo, Stockholm 2007.}) 16. Bf6 Ng6 17. h4 $1 ({A weaker option was} 17. Kf2) 17... Qf5 18. Bg5 h6 $1 19. Bxh6 Rd8 20. Qc5 Qb1+ 21. Kf2 Nc2 22. h5 Nf4 $146 {Robson's improvement.} (22... Ne1 $2 {was played in Nepomniachtchi-Pavasovic, Rogaska Slatina 2011, which was won by White.}) ({RR} 22... Ne1 23. Kg1 Nd3 24. Qe3 Ne7 25. Ng3 f5 26. Qg5 Nf4 27. Kh2 Qxb2 28. Bg7 Rd2 29. Rg1 Bxc4 30. h6 Bd5 31. h7 Neg6 32. Nxf5 {1-0 (32) Nepomniachtchi,I (2718)-Pavasovic,D (2561) Rogaska Slatina 2011}) 23. Bxf4 ({Another option kept the balance:} 23. Nxf4 Qe1+ 24. Kg1 Nd4 25. Qf8+ Kd7 26. Qa3 Bxc4 27. Qc3 Qxf1+ 28. Kh2 Qf2 29. Nh3 Qe2 30. Ng1 Qd3 31. Qxd3 Bxd3 32. Bg7 Ke6) 23... exf4 24. Qa5 Qd1 $2 {Not the best. There were two options leading to equality:} (24... Ne3 25. h6 $5 Nd1+ 26. Kg1 Ne3 $8 27. Kf2 $11 (27. Kh2 $13)) (24... b6 $5 25. Qc3 $8 ({not} 25. Qe5 $4 Qe1+ 26. Kg1 Rd1 $19) 25... Ne3 $8 26. Qf6 $5 Nd1+ (26... Rd1 27. Qxf4 Nxf1 $13) 27. Kg1 Ne3 $11) 25. Nxf4 $2 {An immediate mistake, returning the favour.} ({White could win after} 25. h6 $1 Rd2 26. h7 Rxe2+ (26... Qe1+ $2 27. Kg1 $18) 27. Kg1 $3 Qd4+ ({or} 27... Rxg2+ 28. Kxg2 Ne3+ 29. Kf2 $1 $18) 28. Kh2 Rxg2+ ({or:} 28... Re3 29. Qg5 $18) (28... Rd2 29. Qc3 Qf2 30. h8=Q+ Kd7 31. Rg1 $18) 29. Bxg2 Qg7 30. Rd1) 25... Rd2+ 26. Kg1 $2 ({It was still possible to fight:} 26. Be2 $8 Rxe2+ 27. Nxe2 Qxh1 28. Ng3 Qd1 29. Qc3 Nd4 30. h6 Kf8) 26... Ne3 $19 27. Qg5 Qxf1+ 28. Kh2 Qxf3 0-1